000 00238nam a22001217a 4500
003 SGT
082 _a823
_bDRE
100 _aDREW NANCY
245 _aWITHOUT A TRACE
260 _aUSA
_bALADDIN
_c2004
300 _a149
942 _2ddc
_cBK
999 _c33669
_d33669